000 00662nam a2200241 i 4500
001 C2-0268976
003 PPAK
005 20180727235741.0
008 060808s2004 cc a|||| ||||| | zxx d
020 _a7500769962
040 _aPPAK
_beng
_cPPAK
_erda
082 0 4 _a823
_223
090 0 0 _a823
_bPOT
_dK
100 1 _aPotter, Beatrix,
_eauthor
245 1 0 _aPeter rabbit and friends
264 1 _aZhong Nian Er Tong :
_c2004
300 _a173 pages :
_billustrations ;
_c19 cm
336 _2rdacontent
_atext
337 _2rdamedia
_aunmediated
338 _2rdacarrier
_avolume
650 1 0 _aEnglish fiction - Translations into Chinese.
942 _ddc
_cB
999 _c77710
_d77710